|
|
|
|
| LEADER |
00000cam a2200000 a 4500 |
| 001 |
vtls001112428 |
| 003 |
SK-MaSNL |
| 005 |
20260301193937.0 |
| 008 |
180814s1978 xo p 00000 slo |
| 015 |
|
|
|a SNBA1978
|
| 035 |
|
|
|a SNK000055271
|
| 040 |
|
|
|a SNK
|b slo
|c SNK
|e AACR2
|
| 041 |
1 |
|
|a slo
|h cze
|
| 044 |
|
|
|a xo
|c SK
|
| 080 |
|
|
|a 629.114.6:379.826(086.48)
|2 1981
|
| 080 |
|
|
|a 379.826(086.48)
|2 1981
|
| 080 |
|
|
|a 379.826
|2 1981
|
| 080 |
|
|
|a 629.114.6(086.48)
|2 1981
|
| 245 |
0 |
0 |
|a Prírodoveda pre tretí ročník základnej školy
|c Stanislav Nový, Danuše Kvasničková, Milan Rojko, Jaroslav Vališ, Václav Pumpr ; preložil Imrich Korček
|
| 250 |
|
|
|a 1. vyd.
|
| 260 |
|
|
|a Bratislava
|b Slovenské pedagogické nakladateľstvo
|c 1978
|e Martin
|f Tlačiarne SNP
|
| 300 |
|
|
|a 96 s.
|c 24 cm
|
| 366 |
|
|
|e 94870 výtl.
|
| 500 |
|
|
|a Preložené z češtiny
|
| 650 |
0 |
7 |
|a prírodoveda
|2 SNKPH
|9 3960
|
| 655 |
|
7 |
|a učebnice základných škôl
|2 SNKPH
|9 70187
|
| 700 |
1 |
|
|a Nový, Stanislav
|4 aut
|9 60546
|
| 700 |
1 |
|
|a Kvasničková, Danuše,
|d 1935-
|4 aut
|9 236074
|
| 700 |
1 |
|
|a Rojko, Milan,
|d 1934-2014
|4 aut
|9 46572
|
| 700 |
1 |
|
|a Vališ, Jaroslav
|4 aut
|9 322843
|
| 700 |
1 |
|
|a Pumpr, Václav
|4 aut
|9 236877
|
| 700 |
1 |
|
|a Korček, Imrich
|4 trl
|9 280014
|
| 852 |
|
|
|a Slovenská národná knižnica
|
| 958 |
|
|
|a OND
|
| 958 |
|
|
|a UX
|
| 958 |
|
|
|a TL
|
| 958 |
|
|
|a OP
|
| 999 |
|
|
|c 879821
|d 881751
|
| 952 |
|
|
|t P60, <04>, [BOOK], {604}
|a SNK
|b SNK
|y VYP
|7 0
|p 17A0193980
|o snkSC 43800/2 D1
|0 0
|1 0
|4 0
|d 1999-05-07
|l 0
|r 2004-12-31 00:00:00
|w 2026-02-24
|
| 952 |
|
|
|a SNK
|b SNK
|y PREZ
|7 0
|p 17A0980291
|o snkSC 43800/2
|0 0
|1 0
|4 0
|d 2013-08-20
|l 0
|r 2025-10-21 00:00:00
|w 2026-02-24
|